000 01389nam a2200373Ia 4500
001 dia_6276
003 CHAP
005 20240208114149.0
008 220117s2000 xx 000 0 und d
010 _a177674
020 _a970-613-562-6
040 _cCHAP
082 _a658.18 C67 2000
100 _aCortada, James W.
_9161802
245 _aLa era del trabajo en redes : como lo hacen IBM y otras compañías /
_c James W. Cortada y Thomas S. Hargraves ; con Edward Wakin y un equipo de consultores de IBM ; tr. Fernando Martínez Valdés
260 _aMéxico :
_b Oxford University Press,
_c2000
300 _axix, 224 p.
500 _aTítulo original: Into the networked age
503 _aC/e
590 _aHD69.S8 C67 2000
650 _aAlianzas estratégicas (Negocios)
_9161803
650 _aBusiness networks
_9161804
650 _aEmpresas internacionales
_xAdministración
_9161805
650 _aInternational business enterprises
_xManagement
_9161806
650 _aRedes de negocios
_9161807
650 _aStrategic alliances (Business)
_9161808
700 _aHargraves, Thomas S., coaut.
_9161809
700 _aMartinez Valdes, Fernando, tr.
_9161810
700 _aWakin, Edward, colab.
_9161811
901 _a658.18 C67 2000
902 _aA
905 _a5232272000 mx ain 8222223322spa16
942 _cLIBRO
_2ddc
999 _c177674
_d177674